|
|
|
|
| LEADER |
00000nbm0a2200000 4500 |
| 001 |
120935 |
| 005 |
20231031125216.0 |
| 029 |
0 |
0 |
|a SU
|b 0186.0078281
|f ТПУ
|
| 035 |
|
|
|a (RuTPU)RU\TPU\book\130952
|
| 090 |
|
|
|a 120935
|
| 100 |
|
|
|a 20070906d1988 k y0rusy50 ca
|
| 101 |
0 |
|
|a rus
|
| 102 |
|
|
|a RU
|
| 105 |
|
|
|a a p 001zy
|
| 200 |
1 |
|
|a Выявить распространение, состав, генезис и ресурсы минеральных вод промышленно-развивающихся районов Томской области с целью прироста их запасов, совершенствования системы эксплуатации и охраны. Расчет ресурсов основных типов минеральных вод
|e промежуточный отчет о НИР
|f Томский политехнический институт (ТПИ) ; исполн. исслед. С. А. Юшков ; руководитель С. Л. Шварцев
|
| 210 |
|
|
|a Томск
|c Изд-во ТПИ
|d 1988
|
| 215 |
|
|
|a 25 л.
|c ил.
|
| 320 |
|
|
|a Библиогр.: с. 25.
|
| 610 |
1 |
|
|a минеральные воды
|
| 610 |
1 |
|
|a Томская область
|
| 610 |
1 |
|
|a апт-сеноманские отложения
|
| 610 |
1 |
|
|a водоносные комплексы
|
| 610 |
1 |
|
|a гидрогеологическая характеристика
|
| 610 |
1 |
|
|a эксплуатационные ресурсы
|
| 610 |
1 |
|
|a оценка
|
| 610 |
1 |
|
|a отчеты о НИР
|
| 675 |
|
|
|a 553.7(04)
|v 3
|
| 702 |
|
1 |
|a Юшков
|b С. А.
|4 595
|
| 702 |
|
1 |
|a Шварцев
|b С. Л.
|c российский гидрогеолог, доктор геолого-минералогических наук
|c профессор Томского политехнического университета, академик РАЕН
|f 1936-
|g Степан Львович
|2 stltpush
|3 (RuTPU)RU\TPU\pers\25914
|4 673
|
| 712 |
0 |
2 |
|a Томский политехнический институт (ТПИ)
|c (1944-1991)
|2 stltpush
|3 (RuTPU)RU\TPU\col\1123
|
| 801 |
|
1 |
|a RU
|b 63413507
|c 20070906
|g PSBO
|
| 801 |
|
2 |
|a RU
|b 63413507
|c 20100415
|g PSBO
|
| 942 |
|
|
|c BK
|